00445nam a2200145 4500020001800000082002200018100003500040245004700075250001100122260003400133300000800167942000700175999001500182952010200197 a9789555226059 a541.3 RANb007630 aRanathunga, Anura Bandara9408 aAdvanced Physical Chemistry (equillibrium) aFirst  aSri LankabAB Publisherc2012 a257 cBK c5090d5090 0010708NFICaICbICcGENd2024-07-25l0o541.3 RANp007630r2024-07-25 14:18:09w2024-07-25yBK